000 00601nam a22002177a 4500
003 UA-OsUOA
001 56495
007 ta
008 20081029b un ||||| |||| 00| 0 ukr d
100 _aРашковский Е.
090 _a32
_bР28
942 _cSA
040 _aUA-OsUOA
_brus
_cUA-OsUOA
_dUA-OsUOA
245 _aЦивилизационная теория: познания истории - познания современности (окончание)
300 _aС.84-89
955 _a0
041 _arus
080 _a32
773 0 _w56488
650 7 _a32 Політика
_2UDC
999 _c342587
_d342587